LEADER 01281nam0-22004091i-450- 001 990005519330203316 005 20050210120000.0 035 $a000551933 035 $aUSA01000551933 035 $a(ALEPH)000551933USA01 035 $a000551933 100 $a20050210d2004-------|0itac50------ba 101 $aita 102 $aIT 105 $a||||I ||||| 200 1 $a<> presenza straniera in Italia$ecaratteristiche socio-demografiche$epermessi di soggiorno al 1 gennaio degli anni 2001, 2002, 2003$fIstat 210 $aRoma$cIstat$d2004 215 $a113 p.$d26 cm.$e1 dischetto da 3.5". 225 2$aInformazioni$v10 311 $a2004$9USA5619 410 0$12001$aInformazioni$v10 606 $aImmigrazione Internazionale$2FI 620 $dRoma 676 $a325.45$cImmigrazione in Italia$v21 710 02$aIstituto centrale di statistica$0374421 712 $aistat 801 $aIT$bSOL$c20120104 912 $a990005519330203316 950 $aDIP.TO SCIENZE ECONOMICHE - (SA)$dDS 300 325.45 ist$e2004 DISES 951 $a300 325.45 ist$b663 DISES 959 $aBK 969 $aDISES 979 $c20121027$lUSA01$h1532 979 $c20121027$lUSA01$h1613 996 $aPresenza straniera in Italia$9237576 997 $aUNISA NUM $aUSA13363 LEADER 01311nam a2200301 i 4500 001 991000004449707536 005 20020503105522.0 008 011114s|||| it ||| | ita 035 $ab10003824-39ule_inst 035 $aLE01988514$9ExL 040 $aDip.to Beni Arti e Storia$bita 082 0 $a291.43 245 00$aLieux sacres, lieux de culte, sanctuaires :$bapproches terminologiques, historiques et monographiques /$csous la direction d'Andrč Vauchez 260 $aRoma :$bEcole francaise de Rome,$c2000 300 $a436 p. ;$c24 cm. 490 0 $aCollection de l'Ecole francaise de Rome ;$v273 500 $aAtti della tavola rotonda tenuta a Roma nel 1997 650 4$aEdifici di culto$xCongressi$zRoma$y1997 650 4$aLuoghi santi$xCongressi$zRoma$y1997 650 4$aSantuari$xCongressi$zRoma$y1997 700 1 $aVauchez, Andrč 907 $a.b10003824$b17-02-17$c29-05-02 912 $a991000004449707536 945 $aLE019 A1 ST A 23$g1$i2019000005845$lle019$o-$pE0.00$q-$rl$s- $t0$u2$v2$w2$x0$y.i10005031$z29-05-02 945 $aLE002 Coll. 6.82$g1$i2002000258458$lle002$o-$pE0.00$q-$rn$so $t0$u0$v0$w0$x0$y.i13553392$z06-07-04 996 $aLieux sacres, lieux de culte, sanctuaires$9176245 997 $aUNISALENTO 998 $ale019$ale002$b01-01-01$cm$da $e-$fita$git $h0$i1